| 000 | 01044nam a2200277 i 4500 | ||
|---|---|---|---|
| 001 | 33632 | ||
| 003 | ES-MaACL | ||
| 005 | 20250824201532.0 | ||
| 007 | t| | ||
| 008 | 151209s1996 sp r |||| | spa d | ||
| 020 | _a84-89384-02-9 | ||
| 020 | _a84-368-0987-4 | ||
| 080 | _a027.5(460)(058.7) | ||
| 245 | 0 | 0 |
_aGuía de bibliotecas públicas españolas / _cFundación para el Desarrollo de las Bibliotecas, Fundación Germán Sánchez Ruipérez. |
| 260 |
_aMadrid : _bFundación Germán Sánchez Ruipérez : _bPirámide, _c[1996] |
||
| 300 |
_a562 p. ; _c26 cm. |
||
| 490 | 1 |
_aBiblioteca del libro ; _v65 |
|
| 650 | 4 |
_aBibliotecas públicas- _zEspaña- _vDirectorios. _9158325 |
|
| 710 | 2 |
_aFundación para el Desarrollo de las Bibliotecas. _9158326 |
|
| 710 | 2 |
_aFundación Germán Sánchez Ruipérez. _94313 |
|
| 830 | 1 | 0 |
_aBiblioteca del libro _v65 _9177916 |
| 852 |
_aES-MaACL _jA-13475 _9 34876 _bR.125728 _cDEPO1 _dOlkm: N-6475 |
||
| 942 |
_2udc _cMONOGRAFIA |
||
| 999 |
_c33632 _d33632 |
||